Statystyki dla Miasta z największą liczbą stacji metra

Kliknij tutaj aby rozwiązać quiz!

Ogólne statystyki

  • Ten quiz został rozwiązany 12 700 razy
    (6 960 od ostatniego zresetowania)
  • Średni wynik to 17 z 48

Statystyki odpowiedzi

Otwarto#Miasto% Poprawnych
1890272Londyn
92%
1904424Nowy Jork
91%
1900308Paryż
88%
1935203Moskwa
85%
1902175Berlin
84%
1927295Tokio
82%
1971366Pekin
80%
1919242Madryt
79%
1924166Barcelona
60%
197691Waszyngton
54%
1993660Szanghaj
53%
1974460Seul
49%
1897145Chicago
48%
197196Monachium
45%
1969163Meksyk
44%
1950100Sztokholm
44%
2002230Delhi
43%
1966101Oslo
43%
197698Wiedeń
43%
1964106Mediolan
40%
1989107Stambuł
40%
197998Hongkong
39%
1933161Osaka
37%
191390Buenos Aires
33%
190893Hamburg
33%
1987127Singapur
31%
1997646Kanton
26%
197491Sao Paulo
26%
2004247Wuhan
24%
1996119Tajpej
20%
2000145Teheran
17%
1996104Kuala Lumpur
15%
1975136Santiago
14%
2011164Xi'an
10%
2005175Nankin
8%
1985135Pusan
7%
1984164Tiencin
7%
2010285Chengdu
6%
2005225Chongqing
6%
2012231Hangzhou
4%
2015138Qingdao
3%
201091Shenyang
3%
2013129Zhengzhou
3%
2014100Changsha
2%
2016122Hefei
2%
2015103Nanchang
2%
201694Nanning
2%
2014114Ningbo
2%

Rozkład punktacji

Percentyl według liczby udzielonych odpowiedzi

Procent ludzi z każdym wynikiem

Twoja historia wyników

Nie rozwiązałeś tego quizu od ostatniego zresetowania